000 00515nam a22001817a 4500
005 20251108172634.0
008 250721s1998 xx 000 0 ara d
082 1 4 _aق/بيف
100 1 _aبيفيلاكوا، البرتو
_eمؤلف
245 1 0 _aإيروس /
246 1 1 _aEROS
264 1 _aبيروت :
_bمؤسسة الأنتشار العربي،
_c1998.
300 _a250 ص.
650 1 7 _aالقصص العربي
700 1 _aشهوان، شارل
_eمترجم
942 _2ddc
_cBK
999 _c84698
_d84698